000 00707nam a2200277Ia 4500
001 Z_891
003 CHAP
008 220113s1987 xx 000 0 und d
010 _a163966
040 _cCHAP
082 _a636.085 I5y
100 _aInstitut National de la Recherche Agronomique. París
_9138014
245 _aFeeding of non-ruminant livestock /
_cby Institut National de la Recherche Agronomique
260 _aLondon :
_bButterworths,
_c1987
300 _a214 p.
440 _a
500 _a
503 _a
650 _aAlimentos y alimentación del ganado I. T.
_9137350
901 _a636.085 I5y
902 _aA
910 _a1987
942 _c1
942 _cc1
999 _c163966
_d163966